| 000 | 00502nam a22001817a 4500 | ||
|---|---|---|---|
| 003 | CEME | ||
| 005 | 20210628204154.0 | ||
| 008 | 210105b xxu||||| |||| 00| 0 eng d | ||
| 020 | _a9788184893786 | ||
| 040 | _cceme | ||
| 082 | _a620.0042 PAH | ||
| 100 |
_aPahl, G, Beitz, W, Feldhusen, J _969098 |
||
| 245 | _aEngineering design, a systematic approach | ||
| 260 |
_aINDIA _bSPRINGER _c2007 |
||
| 300 | _aXXI, 617P | ||
| 650 |
_aENGINEERING DESIGN-A SYSTEMATIC APPROACH. _969099 |
||
| 942 |
_cBK _2ddc |
||
| 999 |
_c576504 _d576504 |
||